Polscy Nobliści - Statystyki

Ogólne statystyki
  • Ten quiz został rozwiązany 125 razy
  • Średni wynik to 6 z 8
Statystyki odpowiedzi
Rok Dziedzina Polscy Nobliści % Poprawnych
1903, 1911 fizyka, chemia Maria Skłodowska-Curie
97%
1983 pokojowa Lech Wałęsa
93%
2018 literatura Olga Tokarczuk
88%
1996 literatura Wisława Szymborska
85%
1905 literatura Henryk Sienkiewicz
82%
1980 literatura Czesław Miłosz
69%
1924 literatura Władysław Reymont
66%
1995 pokojowa Józef Rotblat
12%
Nie znaleziono quizów pasujących do podanych kryteriów
Rozkład punktacji
Procent ludzi z każdym wynikiem
Percentyl według liczby udzielonych odpowiedzi
Twoja historia wyników
Nie rozwiązałeś tego quizu